000 00338 a2200157 4500
001 158376
020 _a
040 _cMagnum
100 _aCouper, Heather
240 1 0 _aBig bang: a historia do universo
_lpor
245 1 0 _aBig bang: a historia do universo
362 0 _a1899
440 1 _aModerna
697 _aATLAS
942 _cBK
999 _c158376
_d158376